Normal view
MARC view
Entry Uniform Title
001 - CONTROL NUMBER
- control field: 5862
003 - CONTROL NUMBER IDENTIFIER
- control field: AUA.1
005 - DATE AND TIME OF LATEST TRANSACTION
- control field: 20111011115027.0
008 - FIXED-LENGTH DATA ELEMENTS
- fixed length control field: 111011|||a|||||| | ||| d
040 ## - CATALOGING SOURCE
- Original cataloging agency: AUA.1
- Transcribing agency: AUA.1
130 ## - HEADING--UNIFORM TITLE
- Uniform title: Bible.
- Name of part/section of a work: N.T.
- Name of part/section of a work: Revelation I-III
- General subdivision: Criticism, interpretation, etc.
670 ## - SOURCE DATA FOUND
- Source citation: Work cat.: (AUA.1)0: Bunch, Taylor Grant. [from old catalog] 5860, The seven epistles of Christ., [1947]